| 000 | 00729nam a22002297a 4500 | ||
|---|---|---|---|
| 999 |
_c14236 _d14236 |
||
| 003 | AR-CdUCM | ||
| 008 | 190422b ||||| |||| 00| 0 spa d | ||
| 020 | _a968-494-018-1 | ||
| 040 |
_aMUNICIPALIDAD PROVINCIAL DEL CUSCO _cBIBLIOTECA MUNICIPAL DEL CUSCO |
||
| 082 |
_aEP / 372.869 / _bG25 |
||
| 100 |
_aGaribay, Ricardo _932929 |
||
| 245 | _aEl humito del tren y el humito dormido / | ||
| 260 |
_aMexico : _bSEP cultura, _bDirección general de publicaciones, _bCidcli, |
||
| 300 |
_a38 paginas ; _bilustraciones, _c22 cm. |
||
| 500 | _aCuentos | ||
| 650 |
_aCuentos _9217 |
||
| 650 |
_aHistoria _9136 |
||
| 650 |
_aLiteratura _983 |
||
| 700 |
_aKerlow, Carolina _932930 |
||
| 942 |
_2ddc _cLIBROS |
||
| 945 |
_apjha _d2019-04-22 |
||